000 01204 a2200217 4500
001 28226
005 20260407155554.0
008 260407a2004 arg spa d
003 AR-UNSa-BCEJYS
040 _aAR-UNSa-BCEJYS
_bspa
_cAR-UNSa-BCEJYS
080 _a351.71
_xBienes públicos. Obras públicas. Impuestos (Contratación pública)
245 1 0 _aContratación pública y desarrollo de infraestructuras
_pnuevas formas de gestión y financiación
020 _a950-20-1607-6
264 1 _aBuenos Aires :
_bAbeledo Perrot
_c2004
300 _a219 p.
_c22 cm.
505 _a1. Perspectiva clásica y formas alternativas de gestión y financiación - 2. Las formas alternativas de gestión y financiación de obra pública en particular - 3. Técnicas financieras para la provisión de fondos - 4. Valoración de las técnicas de gestión y financiación expuestas. Su aplicación en la Argentina - 5. La tutela al inversor extranjero
942 _cBK
590 _aniveau_biblio:m niveau_hierar:0
100 1 _aGuiridlian Larosa, Javier D.
856 4 1 _uhttps://biblioeco.unsa.edu.ar/pmb/images/libros/Contratacion Publica y Desarrollo de Infraestructuras-l119996.jpg
_yImagen de portada
_qimage/jpeg
999 _c1676
_d1676